000 00284nam a22001337a 4500
008 170928b xxu||||| |||| 00| 0 eng d
020 _a9780130375483
041 _aeng
080 _a37
100 _a47
101 _aEDU
245 _aWRITING GRAMMAR
_cCOPEER.B
942 _2udc
_cBK
999 _c30589
_d30589